00512nam a2200145Ia 4500003000900000008004100009020002600050040001600076100002600092245006000118260003200178300002000210490003300230856010300263IN-BaIIA211028s9999 xx s 000 0 eng d a9780819485908 (Print) cIIA Library aTustison, Randal, ed. 0aWindow and Dome Technologies and Materials XIIh[eBook] aWashington, USAbSPIEc2011 aOnline resource aProceedings of SPIE; V. 8016 uhttps://www.spiedigitallibrary.org/conference-proceedings-of-spie/8016yClick Here to Access eBook